000 00591nam a2200193Ia 4500
008 151119s9999||||xx |||||||||||||| ||und||
082 _a81
082 _bGKKV27148
100 _aसरदास ग बा
245 _aप्रबोधनातील पाउलखुणा
260 _a--
260 _b--
260 _c1997
600 _aसरदास ग बा
630 _aप्रबोधनातील पाउलखुणा
700 _aसरदास ग बा
730 _aप्रबोधनातील पाउलखुणा
942 _cBOOK
999 _c1079595
_d1079592